000
00320ngm a22001454a 4500
008
150618s1968 xx 105 000 zlspa d
040
_c
AR-RoIUNI
245
_a
Galileo /
_c
Leonardo Pescarolo.
260
_c
1968
300
_a
1 dvd
306
_a
014500
650
4
_a
PSICOLOGÍA
650
4
_a
DRAMA
942
_c
VM
_2
cdu
999
_c
2209
_d
2209